000 00712aam a2200277 i 4500
001 768714001
003 CO-MdFUSB
005 20250513104250.0
007 ta
008 250513t1982 -us |||| |||| 00| 0 spa d
040 _cCO-MdFUSB
041 0 _aspa
082 0 4 _223
_a248
_bC1122h
100 1 _aCaballero Yoccou, Raúl
_eautor
245 1 0 _aHumanidad sin Dios
_c/ Raul Caballero Yoccou
264 1 _bDime
_aCupertino, CA., USA :
_c[1982]
264 4 _c©1982
300 _a133 páginas
336 _atexto
_btxt
_2rdacontent
337 _2rdamedia
_asin mediación
_bn
338 _2rdacarrier
_avolumen
_bnc
563 _aRústico
650 0 _aVida cristiana
_919
942 _cBK
945 _aJTF-925
999 _c35847
_d35847